| 000 | 00514nam a2200145Ia 4500 | ||
|---|---|---|---|
| 008 | 230917s9999||||xx |||||||||||||| ||und|| | ||
| 040 |
_e43477 _aMAIN |
||
| 041 | _aEnglish | ||
| 082 | _a821.6 W891G:S | ||
| 100 | _aGill, Stephen, ed | ||
| 245 | 4 | _aThe satisbury plain poems of William Wordsworth: salisbury plain or a night on salisbury plain adventure on salisbury plain guilt and sorrow; or incidents upon salisbury plain | |
| 260 |
_aIthaca _bCornell University _c1975 |
||
| 300 | _axviii, 310 p. | ||
| 942 | _cBK | ||
| 999 |
_c35528 _d35528 |
||